[Event "Donostia Spring op 09th"]
[Site "Donostia"]
[Date "2013.05.18"]
[Round "6"]
[White "Ezkerro Hernandez, Pablo"]
[Black "Rodriguez Cabrera, Francisco Javier"]
[Result "1/2-1/2"]
[WhiteElo "1736"]
[BlackElo "1924"]
[PlyCount "47"]
[EventDate "2013.04.19"]
[EventType "swiss"]
[EventRounds "8"]
[EventCountry "ESP"]
[SourceTitle "EXT 2024"]
[Source "ChessBase"]
[SourceDate "2023.10.10"]
[SourceVersion "1"]
[SourceVersionDate "2023.10.10"]
[SourceQuality "1"]

1. e4 c6 2. d4 d5 3. exd5 cxd5 4. Nf3 Bg4 5. c3 Nc6 6. Be2 e6 7. Bf4 Bd6 8. Ne5 Bxe2 9. Qxe2 Nf6 10. Qb5 Qc7 11. 0-0 0-0 12. Re1 Nh5 13. Nxc6 Nxf4 14. Ne5 f6 15. Nf3 Qf7 16. Nbd2 Rae8 17. g3 Ng6 18. c4 h5 19. Re2 Bb8 20. Rae1 a6 21. Qb3 dxc4 22. Nxc4 b5 23. Nb6 e5 24. Nd7 1/2-1/2

[Event "Donostia Gipuzkoa-ch"]
[Site "San Sebastian"]
[Date "2012.11.10"]
[Round "4"]
[White "Ezkerro Hernandez, Pablo"]
[Black "Salterain Gonzalez, Galder"]
[Result "1-0"]
[WhiteElo "1696"]
[BlackElo "1950"]
[PlyCount "77"]
[EventDate "2012.10.20"]
[EventType "swiss"]
[EventRounds "7"]
[EventCountry "ESP"]
[SourceTitle "EXT 2014"]
[Source "ChessBase"]
[SourceDate "2013.11.20"]
[SourceVersion "1"]
[SourceVersionDate "2013.11.20"]
[SourceQuality "1"]

1. e4 d6 2. d4 Nf6 3. Nc3 g6 4. Nf3 Bg7 5. Bg5 h6 6. Bh4 0-0 7. Bc4 c6 8. e5 Nh5 9. 0-0 d5 10. Bd3 Nf4 11. Re1 Nxd3 12. Qxd3 Na6 13. Ne2 Bf5 14. Qb3 Qd7 15. h3 g5 16. Bg3 b6 17. Bh2 Nc7 18. Nd2 a5 19. g4 Bg6 20. f4 a4 21. Qxb6 Rfb8 22. Qc5 gxf4 23. Nxf4 Rxb2 24. Nxg6 fxg6 25. Rab1 Rxb1 26. Rxb1 Nb5 27. Nf3 Rf8 28. Rf1 h5 29. Ng5 Rxf1+ 30. Kxf1 hxg4 31. e6 Qe8 32. Be5 gxh3 33. c4 Bxe5 34. dxe5 dxc4 35. Qxc4 Qd8 36. Qc2 Kg7 37. Nxh3 Qd5 38. Qe2 Nd4 39. Qg4 1-0

[Event "San Sebastian Primavera de Gros op 8th"]
[Site "San Sebastian"]
[Date "2012.05.26"]
[Round "6"]
[White "Izagirre Alsua, Aritz"]
[Black "Ezkerro Hernandez, Pablo"]
[Result "1/2-1/2"]
[WhiteElo "1828"]
[BlackElo "1693"]
[PlyCount "75"]
[EventDate "2012.04.21"]
[EventType "swiss"]
[EventRounds "7"]
[EventCountry "ESP"]
[SourceTitle "EXT 2014"]
[Source "ChessBase"]
[SourceDate "2013.11.20"]
[SourceVersion "1"]
[SourceVersionDate "2013.11.20"]
[SourceQuality "1"]

1. e4 e6 2. d3 g6 3. g3 Bg7 4. Bg2 b6 5. Nf3 Bb7 6. Nbd2 d6 7. c3 Ne7 8. 0-0 0-0 9. Re1 Nd7 10. h4 c5 11. Nf1 h6 12. d4 Qc7 13. N1h2 Kh7 14. Qe2 d5 15. e5 Rac8 16. Bd2 cxd4 17. cxd4 Qc4 18. Qe3 Ba6 19. Bf1 Qa4 20. Bxa6 Qxa6 21. g4 Rc6 22. h5 f6 23. exf6 Nxf6 24. Ne5 Rc2 25. hxg6+ Nxg6 26. Nxg6 Kxg6 27. Qxe6 Qd3 28. Be3 Re8 29. Qf5+ Qxf5 30. gxf5+ Kxf5 31. b4 Ng4 32. Nxg4 Kxg4 33. Kg2 Re4 34. Rec1 Rb2 35. Rcb1 Rc2 36. Rc1 Rb2 37. Rcb1 Rc2 38. Rb3 1/2-1/2

[Event "Gipuzkoa-ch"]
[Site "San Sebastian"]
[Date "2011.10.08"]
[Round "1"]
[White "Ezkerro Hernandez, Pablo"]
[Black "Rodriguez Cabrera, Francisco Javier"]
[Result "0-1"]
[WhiteElo "1686"]
[BlackElo "1954"]
[PlyCount "62"]
[EventDate "2011.10.08"]
[EventType "swiss"]
[EventRounds "7"]
[EventCountry "ESP"]
[SourceTitle "EXT 2024"]
[Source "ChessBase"]
[SourceDate "2023.10.10"]
[SourceVersion "1"]
[SourceVersionDate "2023.10.10"]
[SourceQuality "1"]

1. e4 c5 2. Nf3 d6 3. d4 cxd4 4. Nxd4 Nf6 5. Nc3 a6 6. Be3 Ng4 7. Bg5 h6 8. Bh4 g5 9. Bg3 Bg7 10. Be2 h5 11. Bxg4 hxg4 12. 0-0 Nc6 13. Nxc6 bxc6 14. Qd2 Qa5 15. Rfe1 Be5 16. Rf1 Rb8 17. Rab1 f6 18. a3 Rxb2 19. Rxb2 Bxc3 20. Qc1 Bxb2 21. Qxb2 Kf7 22. Rb1 Be6 23. Qb7 Qxa3 24. e5 dxe5 25. Qxc6 Rc8 26. Qe4 Kg8 27. Bxe5 fxe5 28. Qxe5 Kf7 29. Qxg5 Qc5 30. Qh6 Qxc2 31. Re1 Qf5 0-1

[Event "Groseko Udaberriko Txapelke"]
[Site "Donostia"]
[Date "2009.05.16"]
[Round "2.16"]
[White "Ezkerro Hernandez, Pablo"]
[Black "Arana Garate, Jon"]
[Result "0-1"]
[WhiteElo "1738"]
[BlackElo "1966"]
[PlyCount "48"]
[EventDate "2009.05.09"]
[EventType "swiss"]
[EventRounds "7"]
[EventCountry "ESP"]
[SourceTitle "EXT 2024"]
[Source "ChessBase"]
[SourceDate "2023.10.10"]
[SourceVersion "1"]
[SourceVersionDate "2023.10.10"]
[SourceQuality "1"]

1. e4 e5 2. Nf3 Nc6 3. Bb5 a6 4. Ba4 Nf6 5. Nc3 b5 6. Bb3 Bc5 7. 0-0 0-0 8. d3 h6 9. Be3 Be7 10. Nd5 d6 11. h3 Na5 12. Nxe7+ Qxe7 13. Nh2 c5 14. c3 Nxb3 15. axb3 Bb7 16. f4 exf4 17. Bxf4 Nd7 18. Ng4 Qe6 19. Rf3 f5 20. Nxh6+ gxh6 21. Rg3+ Kh7 22. exf5 Qxf5 23. Bxd6 Qf2+ 24. Kh2 Rg8 0-1

[Event "San Sebastian op 18th"]
[Site "San Sebastian"]
[Date "2008.09.21"]
[Round "2"]
[White "Marholev, Dimitar"]
[Black "Ezkerro Hernandez, Pablo"]
[Result "1-0"]
[WhiteElo "2366"]
[BlackElo "1836"]
[PlyCount "54"]
[EventDate "2008.09.20"]
[EventType "swiss"]
[EventRounds "9"]
[EventCountry "ESP"]
[SourceTitle "CBM 126 Extra"]
[Source "ChessBase"]
[SourceDate "2008.11.05"]
[SourceVersion "1"]
[SourceVersionDate "2008.11.05"]
[SourceQuality "1"]

1. e4 e6 2. d4 c5 3. Nf3 Nf6 4. e5 Nd5 5. c4 Nc7 6. d5 d6 7. Bg5 Be7 8. Bxe7 Qxe7 9. dxe6 Qxe6 10. Qxd6 Qxd6 11. exd6 Ne6 12. Nc3 Nc6 13. 0-0-0 Kd7 14. g3 Ned4 15. Nxd4 Nxd4 16. Nb5 Nxb5 17. Bh3+ Kc6 18. cxb5+ Kxb5 19. d7 Bxd7 20. Rxd7 b6 21. Rhd1 Rhf8 22. Bf1+ Ka5 23. Bg2 Rac8 24. Rxa7+ Kb5 25. Rd6 c4 26. Rb7 c3 27. Rbxb6+ Kc4 1-0